=LDR 00000nam 2200000 4500 =001 000508 =005 20250712030148 =035 ##$$a 0010-0725000370 =007 ta =008 250712################a##########0#ind## =020 ##$$a 978-623-307-362-2 =082 ##$$a 398.209 598 =245 1#$$a Sahabat merpati /$c Halo english =250 ##$$a Pertama =260 ##$$a Jakarta :$b Badan pengembangan dan pembinaan bahasa,$c 2022 =300 ##$$a 28 hlm. : $b ilus. ; $c 29,7 cm =650 #4$$a Cerita anak Indonesia terjemahan =650 #4$$a Literasi bahan bacaan =700 #$$a dwi Yuliarti =110 ##$$a Halo English =084 ##$$a 398.209 598 HAL s =990 ##$$a TBM202400261